[Event "181st Stay Safe Play From Home series"]
[Site "T#646401Emanuel Laske"]
[Date "2020.05.28"]
[Round "6"]
[White "Broken sword"]
[Black "Weltszmerc"]
[Result "1-0"]
[WhiteElo "2495"]
[BlackElo "2028"]
[PlyCount "109"]
[EventDate "2020.05.28"]
[EventType "swiss (blitz)"]

1. d4 {[%emt 0:00:02]} Nf6 {[%emt 0:00:00]} 2. c3 {[%emt 0:00:00]} b6 {[%emt 0:00:00]} 3. Nf3 {[%emt 0:00:00]} Bb7 {[%emt 0:00:00]} 4. Bg5 {[%emt 0:00:00]} e6 {[%emt 0:00:00]} 5. Bxf6 {[%emt 0:00:00]} Qxf6 {[%emt 0:00:00]} 6. Nbd2 {[%emt 0:00:00]} Qd8 {[%emt 0:00:01]} 7. e3 {[%emt 0:00:00]} Be7 {[%emt 0:00:00]} 8. Bd3 {[%emt 0:00:00]} d6 {[%emt 0:00:01]} 9. Qe2 {[%emt 0:00:00]} Nd7 {[%emt 0:00:01]} 10. O-O {[%emt 0:00:00]} O-O {[%emt 0:00:00]} 11. Ba6 {[%emt 0:00:00]} Bd5 {[%emt 0:00:03]} 12. Bc4 {[%emt 0:00:01]} Bb7 {[%emt 0:00:01]} 13. Ba6 {[%emt 0:00:00]} Bd5 {[%emt 0:00:01]} 14. e4 {[%emt 0:00:13]} Bc6 {[%emt 0:00:01]} 15. Rfe1 {[%emt 0:00:00]} Rb8 {[%emt 0:00:06]} 16. a4 {[%emt 0:00:01]} Bb7 {[%emt 0:00:01]} 17. Bxb7 {[%emt 0:00:01]} Rxb7 {[%emt 0:00:00]} 18. Rad1 {[%emt 0:00:00]} e5 {[%emt 0:00:01]} 19. dxe5 {[%emt 0:00:01]} dxe5 {[%emt 0:00:01]} 20. Nc4 {[%emt 0:00:01]} Bf6 {[%emt 0:00:01]} 21. Ncxe5 {[%emt 0:00:02]} c5 {[%emt 0:00:02]} 22. Nxd7 {[%emt 0:00:03]} Rxd7 {[%emt 0:00:00]} 23. Rxd7 {[%emt 0:00:00]} Qxd7 {[%emt 0:00:00]} 24. Qb5 {[%emt 0:00:01]} Qc7 {[%emt 0:00:05]} 25. Rd1 {[%emt 0:00:01]} Rd8 {[%emt 0:00:03]} 26. Rd5 {[%emt 0:00:01]} h6 {[%emt 0:00:02]} 27. Qd3 {[%emt 0:00:01]} Rxd5 {[%emt 0:00:02]} 28. Qxd5 {[%emt 0:00:00]} Qd8 {[%emt 0:00:02]} 29. Qxd8+ {[%emt 0:00:01]} Bxd8 {[%emt 0:00:00]} 30. Kf1 {[%emt 0:00:00]} Kf8 {[%emt 0:00:00]} 31. Ke2 {[%emt 0:00:00]} Ke7 {[%emt 0:00:00]} 32. Kd3 {[%emt 0:00:00]} Bc7 {[%emt 0:00:00]} 33. Kc4 {[%emt 0:00:01]} Ke6 {[%emt 0:00:00]} 34. Kb5 {[%emt 0:00:02]} g5 {[%emt 0:00:02]} 35. h3 {[%emt 0:00:01]} f5 {[%emt 0:00:03]} 36. exf5+ {[%emt 0:00:01]} Kxf5 {[%emt 0:00:00]} 37. Ka6 {[%emt 0:00:00]} Bb8 {[%emt 0:00:01]} 38. Kb7 {[%emt 0:00:01]} Bf4 {[%emt 0:00:02]} 39. Kxa7 {[%emt 0:00:01]} Bc1 {[%emt 0:00:00]} 40. b3 {[%emt 0:00:00]} Bb2 {[%emt 0:00:01]} 41. c4 {[%emt 0:00:00]} Bd4 {[%emt 0:00:01]} 42. Kxb6 {[%emt 0:00:01]} Bxf2 {[%emt 0:00:01]} 43. a5 {[%emt 0:00:00]} h5 {[%emt 0:00:01]} 44. a6 {[%emt 0:00:01]} g4 {[%emt 0:00:00]} 45. hxg4+ {[%emt 0:00:00]} hxg4 {[%emt 0:00:00]} 46. Nd2 {[%emt 0:00:01]} Be1 {[%emt 0:00:03]} 47. Nf1 {[%emt 0:00:01]} Bh4 {[%emt 0:00:05]} 48. a7 {[%emt 0:00:01]} Bd8+ {[%emt 0:00:00]} 49. Kb7 {[%emt 0:00:00]} Bc7 {[%emt 0:00:01]} 50. Kxc7 {[%emt 0:00:01]} Kf4 {[%emt 0:00:01]} 51. a8=Q {[%emt 0:00:01]} Ke5 {[%emt 0:00:01]} 52. Qd5+ {[%emt 0:00:01]} Kf4 {[%emt 0:00:00]} 53. Qxc5 {[%emt 0:00:02]} Ke4 {[%emt 0:00:01]} 54. Qe3+ {[%emt 0:00:01]} Kf5 {[%emt 0:00:01]} 55. Ng3+ {[%emt 0:00:00] Czas partii (Lag: Av=0.64s, max=1.1s)} 1-0

[Event "181st Stay Safe Play From Home series"]
[Site "T#646401Emanuel Laske"]
[Date "2020.05.28"]
[Round "6"]
[White "Lamborghini"]
[Black "VotaryRoma"]
[Result "1-0"]
[WhiteElo "2186"]
[BlackElo "1941"]
[Annotator "NA"]
[PlyCount "145"]
[EventDate "2020.05.28"]
[EventType "swiss (blitz)"]

1. e4 {[%emt 0:00:02]} c5 {[%emt 0:00:01]} 2. Nf3 {[%emt 0:00:01]} e6 {[%emt 0:00:00]} 3. d4 {[%emt 0:00:01]} d5 {[%emt 0:00:00]} 4. exd5 {[%emt 0:00:01]} exd5 {[%emt 0:00:00]} 5. Bb5+ {[%emt 0:00:01]} Bd7 {[%emt 0:00:01]} 6. Qe2+ {[%emt 0:00:01]} Be7 {[%emt 0:00:02]} 7. Nc3 {[%emt 0:00:02]} Nf6 {[%emt 0:00:01]} 8. dxc5 {[%emt 0:00:01]} O-O {[%emt 0:00:00]} 9. O-O {[%emt 0:00:02]} Bxb5 {[%emt 0:00:01]} 10. Qxb5 {[%emt 0:00:02]} Nbd7 {[%emt 0:00:03]} 11. Be3 {[%emt 0:00:02]} a6 {[%emt 0:00:02]} 12. Qb3 {[%emt 0:00:02]} Nxc5 {[%emt 0:00:01]} 13. Bxc5 {[%emt 0:00:02]} Bxc5 {[%emt 0:00:00]} 14. Rad1 {[%emt 0:00:01]} d4 {[%emt 0:00:00]} 15. Na4 {[%emt 0:00:03]} Ba7 {[%emt 0:00:01]} 16. c4 {[%emt 0:00:02]} Rb8 {[%emt 0:00:01]} 17. c5 {[%emt 0:00:01]} b5 {[%emt 0:00:01]} 18. cxb6 {[%emt 0:00:01]} Bxb6 {[%emt 0:00:00]} 19. Nxb6 {[%emt 0:00:01]} Qxb6 {[%emt 0:00:00]} 20. Qxb6 {[%emt 0:00:01]} Rxb6 {[%emt 0:00:00]} 21. b3 {[%emt 0:00:00]} Rd8 {[%emt 0:00:03]} 22. Rd3 {[%emt 0:00:02]} Rbd6 {[%emt 0:00:01]} 23. Rfd1 {[%emt 0:00:01]} Rc6 {[%emt 0:00:00]} 24. Rxd4 {[%emt 0:00:03]} Rxd4 {[%emt 0:00:01]} 25. Nxd4 {[%emt 0:00:00]} Rd6 {[%emt 0:00:01]} 26. f3 {[%emt 0:00:01]} Ne8 {[%emt 0:00:03]} 27. Kf2 {[%emt 0:00:01]} Nc7 {[%emt 0:00:01]} 28. Ke2 {[%emt 0:00:01]} Nb5 {[%emt 0:00:02]} 29. Nxb5 {[%emt 0:00:01]} Re6+ {[%emt 0:00:01]} 30. Kd3 {[%emt 0:00:02]} axb5 {[%emt 0:00:01]} 31. Rd2 {[%emt 0:00:01]} h6 {[%emt 0:00:01]} 32. Kc3 {[%emt 0:00:01]} Re5 {[%emt 0:00:02]} 33. Kb4 {[%emt 0:00:01]} Kf8 {[%emt 0:00:00]} 34. Rc2 {[%emt 0:00:01]} Ke7 {[%emt 0:00:01]} 35. g3 {[%emt 0:00:01]} Kf6 {[%emt 0:00:01]} 36. Rc5 {[%emt 0:00:01]} Re2 {[%emt 0:00:01]} 37. a3 {[%emt 0:00:01]} Rxh2 {[%emt 0:00:02]} 38. Rxb5 {[%emt 0:00:00]} Rh3 {[%emt 0:00:01]} 39. a4 {[%emt 0:00:01]} Rxg3 {[%emt 0:00:01]} 40. a5 {[%emt 0:00:00]} Rg1 {[%emt 0:00:06]} 41. a6 {[%emt 0:00:00]} Rd1 {[%emt 0:00:02]} 42. a7 {[%emt 0:00:02]} Rd8 {[%emt 0:00:00]} 43. Rb8 {[%emt 0:00:01]} Rd4+ {[%emt 0:00:02]} 44. Kc3 {[%emt 0:00:01]} Rd7 {[%emt 0:00:01]} 45. a8=Q {[%emt 0:00:00]} Rc7+ {[%emt 0:00:00]} 46. Kd4 {[%emt 0:00:01]} Rd7+ {[%emt 0:00:00]} 47. Ke3 {[%emt 0:00:00]} Re7+ {[%emt 0:00:00]} 48. Kf2 {[%emt 0:00:01]} Re6 {[%emt 0:00:00]} 49. Qe4 {[%emt 0:00:01]} Rxe4 {[%emt 0:00:03]} 50. fxe4 {[%emt 0:00:00]} Ke5 {[%emt 0:00:00]} 51. Ke3 {[%emt 0:00:00]} Kf6 {[%emt 0:00:00]} 52. Rb5 {[%emt 0:00:01]} Kg6 {[%emt 0:00:01]} 53. Rf5 {[%emt 0:00:01]} f6 {[%emt 0:00:00]} 54. Rf1 {[%emt 0:00:01]} Kf7 {[%emt 0:00:00]} 55. e5 {[%emt 0:00:00]} Kg6 {[%emt 0:00:00]} 56. exf6 {[%emt 0:00:00]} gxf6 {[%emt 0:00:00]} 57. Ke4 {[%emt 0:00:00]} Kf7 {[%emt 0:00:01]} 58. Rf5 {[%emt 0:00:00]} Kg7 {[%emt 0:00:00]} 59. Kf4 {[%emt 0:00:00]} Kg6 {[%emt 0:00:00]} 60. b4 {[%emt 0:00:00]} Kg7 {[%emt 0:00:00]} 61. b5 {[%emt 0:00:00]} Kg6 {[%emt 0:00:00]} 62. b6 {[%emt 0:00:00]} Kg7 {[%emt 0:00:00]} 63. b7 {[%emt 0:00:00]} Kg6 {[%emt 0:00:00]} 64. b8=Q {[%emt 0:00:00]} Kf7 {[%emt 0:00:00]} 65. Qc7+ {[%emt 0:00:01]} Kg6 {[%emt 0:00:00]} 66. Rxf6+ {[%emt 0:00:01]} Kxf6 {[%emt 0:00:00]} 67. Qe5+ {[%emt 0:00:00]} Kg6 {[%emt 0:00:00]} 68. Qf5+ {[%emt 0:00:01]} Kg7 {[%emt 0:00:01]} 69. Qh5 {[%emt 0:00:00]} Kh7 {[%emt 0:00:00]} 70. Kf5 {[%emt 0:00:00]} Kg7 {[%emt 0:00:01]} 71. Ke6 {[%emt 0:00:00]} Kh7 {[%emt 0:00:00]} 72. Kf7 {[%emt 0:00:00]} Kh8 {[%emt 0:00:01]} 73. Qxh6# {[%emt 0:00:00] (Lag: Av=0.50s, max=0.8s)} 1-0

[Event "181st Stay Safe Play From Home series"]
[Site "T#646401Emanuel Laske"]
[Date "2020.05.28"]
[Round "6"]
[White "SoulofWolf"]
[Black "Majstor-resa"]
[Result "1-0"]
[WhiteElo "2111"]
[BlackElo "1656"]
[Annotator "NA"]
[PlyCount "73"]
[EventDate "2020.05.28"]
[EventType "swiss (blitz)"]

1. Nf3 {[%emt 0:00:00]} d5 {[%emt 0:00:01]} 2. c4 {[%emt 0:00:00]} Nc6 {[%emt 0:00:01]} 3. e3 {[%emt 0:00:00]} Nf6 {[%emt 0:00:02]} 4. b3 {[%emt 0:00:00]} Bg4 {[%emt 0:00:01]} 5. Bb2 {[%emt 0:00:01]} e6 {[%emt 0:00:01]} 6. d4 {[%emt 0:00:01]} Bb4+ {[%emt 0:00:01]} 7. Bc3 {[%emt 0:00:01]} Qe7 {[%emt 0:00:01]} 8. Qd2 {[%emt 0:00:01]} Ne4 {[%emt 0:00:02]} 9. Qc2 {[%emt 0:00:00]} Bxf3 {[%emt 0:00:04]} 10. gxf3 {[%emt 0:00:00]} Nxc3 {[%emt 0:00:01]} 11. Nxc3 {[%emt 0:00:00]} O-O {[%emt 0:00:03]} 12. Bd3 {[%emt 0:00:01]} e5 {[%emt 0:00:02]} 13. cxd5 {[%emt 0:00:07]} exd4 {[%emt 0:00:01]} 14. dxc6 {[%emt 0:00:02]} Bxc3+ {[%emt 0:00:01]} 15. Ke2 {[%emt 0:00:01]} Bxa1 {[%emt 0:00:01]} 16. Rxa1 {[%emt 0:00:01]} b6 {[%emt 0:00:01]} 17. e4 {[%emt 0:00:01]} f5 {[%emt 0:00:03]} 18. Rg1 {[%emt 0:00:02]} fxe4 {[%emt 0:00:01]} 19. Bxe4 {[%emt 0:00:00]} Rae8 {[%emt 0:00:03]} 20. Qc4+ {[%emt 0:00:03]} Kh8 {[%emt 0:00:03]} 21. Qxd4 {[%emt 0:00:01]} Rd8 {[%emt 0:00:01]} 22. Qc3 {[%emt 0:00:02]} Rd6 {[%emt 0:00:06]} 23. b4 {[%emt 0:00:02]} Re6 {[%emt 0:00:01]} 24. Rg4 {[%emt 0:00:05]} h5 {[%emt 0:00:02]} 25. Rg3 {[%emt 0:00:08]} Rxe4+ {[%emt 0:00:01]} 26. fxe4 {[%emt 0:00:00]} Qxe4+ {[%emt 0:00:01]} 27. Re3 {[%emt 0:00:00]} Qg4+ {[%emt 0:00:01]} 28. Kf1 {[%emt 0:00:04]} Rd8 {[%emt 0:00:02]} 29. Re1 {[%emt 0:00:03]} Rd4 {[%emt 0:00:03]} 30. Qe3 {[%emt 0:00:02]} Rf4 {[%emt 0:00:01]} 31. Qe8+ {[%emt 0:00:01]} Kh7 {[%emt 0:00:01]} 32. Qe2 {[%emt 0:00:02]} Qh3+ {[%emt 0:00:02]} 33. Kg1 {[%emt 0:00:00]} Rg4+ {[%emt 0:00:01]} 34. Kh1 {[%emt 0:00:00]} Qg3 {[%emt 0:00:01]} 35. fxg3 {[%emt 0:00:01]} Rxg3 {[%emt 0:00:01]} 36. Rg1 {[%emt 0:00:00]} Rxg1+ {[%emt 0:00:02]} 37. Kxg1 {[%emt 0:00:00] Zeit} 1-0

[Event "181st Stay Safe Play From Home series"]
[Site "T#646401Emanuel Laske"]
[Date "2020.05.28"]
[Round "6"]
[White "The Next Contender"]
[Black "Lazieri3"]
[Result "0-1"]
[WhiteElo "2045"]
[BlackElo "2047"]
[Annotator "NA"]
[PlyCount "51"]
[EventDate "2020.05.28"]
[EventType "swiss (blitz)"]

1. d4 {[%emt 0:00:00]} c6 {[%emt 0:00:01]} 2. c4 {[%emt 0:00:01]} d5 {[%emt 0:00:00]} 3. g3 {[%emt 0:00:01]} Nf6 {[%emt 0:00:01]} 4. Bg2 {[%emt 0:00:00]} Bf5 {[%emt 0:00:01]} 5. Nf3 {[%emt 0:00:00]} e6 {[%emt 0:00:01]} 6. O-O {[%emt 0:00:00]} h6 {[%emt 0:00:01]} 7. Ne5 {[%emt 0:00:00]} Nbd7 {[%emt 0:00:01]} 8. Nxd7 {[%emt 0:00:02]} Qxd7 {[%emt 0:00:01]} 9. b3 {[%emt 0:00:00]} Bd6 {[%emt 0:00:01]} 10. Bb2 {[%emt 0:00:01]} O-O {[%emt 0:00:01]} 11. Nd2 {[%emt 0:00:01]} Qe7 {[%emt 0:00:01]} 12. e3 {[%emt 0:00:01]} Ba3 {[%emt 0:00:00]} 13. Bxa3 {[%emt 0:00:01]} Qxa3 {[%emt 0:00:00]} 14. Qc1 {[%emt 0:00:02]} Qxc1 {[%emt 0:00:01]} 15. Raxc1 {[%emt 0:00:00]} Rfd8 {[%emt 0:00:02]} 16. Rfe1 {[%emt 0:00:01]} Rac8 {[%emt 0:00:01]} 17. cxd5 {[%emt 0:00:01]} cxd5 {[%emt 0:00:01]} 18. Nf3 {[%emt 0:00:01]} Ne4 {[%emt 0:00:02]} 19. Ne5 {[%emt 0:00:01]} f6 {[%emt 0:00:03]} 20. Nd3 {[%emt 0:00:01]} Nc3 {[%emt 0:00:03]} 21. Nb4 {[%emt 0:00:04]} Ne2+ {[%emt 0:00:01]} 22. Rxe2 {[%emt 0:00:04]} Rxc1+ {[%emt 0:00:01]} 23. Bf1 {[%emt 0:00:00]} a5 {[%emt 0:00:02]} 24. Rc2 {[%emt 0:00:12]} Bxc2 {[%emt 0:00:02]} 25. Nxc2 {[%emt 0:00:00]} Rxc2 {[%emt 0:00:01]} 26. Bd3 {[%emt 0:00:01] The Next Contender resigns (Lag: Av=0.56s, max=1.1s)} 0-1

[Event "181st Stay Safe Play From Home series"]
[Site "T#646401Emanuel Laske"]
[Date "2020.05.28"]
[Round "6"]
[White "Tunca"]
[Black "Emresenar"]
[Result "1-0"]
[WhiteElo "1802"]
[BlackElo "1776"]
[Annotator "NA"]
[PlyCount "69"]
[EventDate "2020.05.28"]
[EventType "swiss (blitz)"]

1. e4 {[%emt 0:00:02]} b6 {[%emt 0:00:02]} 2. d4 {[%emt 0:00:01]} Bb7 {[%emt 0:00:00]} 3. Nc3 {[%emt 0:00:00]} g6 {[%emt 0:00:01]} 4. Bd3 {[%emt 0:00:01]} Bg7 {[%emt 0:00:00]} 5. Nge2 {[%emt 0:00:01]} e6 {[%emt 0:00:01]} 6. O-O {[%emt 0:00:00]} Ne7 {[%emt 0:00:00]} 7. f4 {[%emt 0:00:00]} d6 {[%emt 0:00:01]} 8. Kh1 {[%emt 0:00:00]} Nd7 {[%emt 0:00:01]} 9. Be3 {[%emt 0:00:00]} c5 {[%emt 0:00:01]} 10. Qe1 {[%emt 0:00:01]} cxd4 {[%emt 0:00:01]} 11. Nxd4 {[%emt 0:00:00]} Nc5 {[%emt 0:00:02]} 12. Qf2 {[%emt 0:00:03]} Nxd3 {[%emt 0:00:02]} 13. cxd3 {[%emt 0:00:00]} O-O {[%emt 0:00:01]} 14. Rac1 {[%emt 0:00:03]} d5 {[%emt 0:00:01]} 15. e5 {[%emt 0:00:04]} Nf5 {[%emt 0:00:03]} 16. Ncb5 {[%emt 0:00:03]} Nxe3 {[%emt 0:00:05]} 17. Qxe3 {[%emt 0:00:01]} a6 {[%emt 0:00:06]} 18. Nd6 {[%emt 0:00:02]} Qe7 {[%emt 0:00:02]} 19. Rc2 {[%emt 0:00:07]} f6 {[%emt 0:00:03]} 20. Rfc1 {[%emt 0:00:01]} fxe5 {[%emt 0:00:02]} 21. fxe5 {[%emt 0:00:00]} Bxe5 {[%emt 0:00:02]} 22. Qxe5 {[%emt 0:00:02]} Qf6 {[%emt 0:00:13]} 23. Qxf6 {[%emt 0:00:04]} Rxf6 {[%emt 0:00:00]} 24. Nxb7 {[%emt 0:00:00]} Raf8 {[%emt 0:00:01]} 25. h3 {[%emt 0:00:02]} h5 {[%emt 0:00:01]} 26. Rc6 {[%emt 0:00:05]} g5 {[%emt 0:00:01]} 27. Rxe6 {[%emt 0:00:02]} Rf2 {[%emt 0:00:02]} 28. Nd6 {[%emt 0:00:03]} Kh7 {[%emt 0:00:01]} 29. Rc7+ {[%emt 0:00:02]} Kg8 {[%emt 0:00:01]} 30. Rg6+ {[%emt 0:00:01]} Kh8 {[%emt 0:00:00]} 31. Ne6 {[%emt 0:00:02]} Rf1+ {[%emt 0:00:01]} 32. Kh2 {[%emt 0:00:00]} R1f7 {[%emt 0:00:01]} 33. Nxf7+ {[%emt 0:00:01]} Rxf7 {[%emt 0:00:00]} 34. Rxf7 {[%emt 0:00:01]} g4 {[%emt 0:00:00] '} 35. Rf8+ {[%emt 0:00:02] (Lag: Av=0.64s, max=0.9s)} 1-0

[Event "181st Stay Safe Play From Home series"]
[Site "T#646401Emanuel Laske"]
[Date "2020.05.28"]
[Round "6"]
[White "Trotsky"]
[Black "Praveen Prasad"]
[Result "0-1"]
[WhiteElo "1589"]
[BlackElo "2201"]
[Annotator "NA"]
[PlyCount "68"]
[EventDate "2020.05.28"]
[EventType "swiss (blitz)"]

1. d4 {[%emt 0:00:01]} c5 {[%emt 0:00:03]} 2. e3 {[%emt 0:00:01]} cxd4 {[%emt 0:00:00]} 3. exd4 {[%emt 0:00:00]} d5 {[%emt 0:00:00]} 4. c4 {[%emt 0:00:01]} e6 {[%emt 0:00:00]} 5. Nc3 {[%emt 0:00:01]} Nf6 {[%emt 0:00:01]} 6. Be3 {[%emt 0:00:01]} Bb4 {[%emt 0:00:01]} 7. Qc2 {[%emt 0:00:01]} Bxc3+ {[%emt 0:00:00]} 8. bxc3 {[%emt 0:00:01]} O-O {[%emt 0:00:00]} 9. Nf3 {[%emt 0:00:01]} dxc4 {[%emt 0:00:00]} 10. Bxc4 {[%emt 0:00:01]} a6 {[%emt 0:00:00]} 11. Ng5 {[%emt 0:00:02]} b5 {[%emt 0:00:02]} 12. Bd3 {[%emt 0:00:01]} h6 {[%emt 0:00:01]} 13. h4 {[%emt 0:00:01]} Bb7 {[%emt 0:00:01]} 14. O-O-O {[%emt 0:00:02]} Nbd7 {[%emt 0:00:01]} 15. Kb1 {[%emt 0:00:02]} Nb6 {[%emt 0:00:01]} 16. Bh7+ {[%emt 0:00:02]} Kh8 {[%emt 0:00:02]} 17. d5 {[%emt 0:00:01]} Nbxd5 {[%emt 0:00:02]} 18. Bd4 {[%emt 0:00:01]} Rc8 {[%emt 0:00:02]} 19. Rd3 {[%emt 0:00:02]} b4 {[%emt 0:00:01]} 20. c4 {[%emt 0:00:02]} Qa5 {[%emt 0:00:05]} 21. Rf3 {[%emt 0:00:02]} Nc3+ {[%emt 0:00:07]} 22. Kc1 {[%emt 0:00:04]} Bxf3 {[%emt 0:00:02]} 23. gxf3 {[%emt 0:00:02]} Qa3+ {[%emt 0:00:02]} 24. Kd2 {[%emt 0:00:03]} Rcd8 {[%emt 0:00:01]} 25. Ke1 {[%emt 0:00:02]} Rxd4 {[%emt 0:00:01]} 26. Kf1 {[%emt 0:00:01]} Ncd5 {[%emt 0:00:03]} 27. Kg2 {[%emt 0:00:02]} Qc3 {[%emt 0:00:04]} 28. Qb1 {[%emt 0:00:03]} Rxc4 {[%emt 0:00:03]} 29. Kg3 {[%emt 0:00:07]} Qe5+ {[%emt 0:00:02]} 30. Kg2 {[%emt 0:00:01]} Rxh4 {[%emt 0:00:01]} 31. Rxh4 {[%emt 0:00:02]} Qxg5+ {[%emt 0:00:02]} 32. Kh3 {[%emt 0:00:02]} Nxh7 {[%emt 0:00:02]} 33. f4 {[%emt 0:00:02]} Nxf4+ {[%emt 0:00:02]} 34. Kh2 {[%emt 0:00:02]} Qg2# {[%emt 0:00:02] (Lag: Av=0.74s, max=1.0s) '} 0-1

[Event "181st Stay Safe Play From Home series"]
[Site "T#646401Emanuel Laske"]
[Date "2020.05.28"]
[Round "6"]
[White "Tobo Rubirosa"]
[Black "Little champs"]
[Result "0-1"]
[WhiteElo "1466"]
[BlackElo "2184"]
[Annotator "NA"]
[PlyCount "66"]
[EventDate "2020.05.28"]
[EventType "swiss (blitz)"]

1. Nf3 {[%emt 0:00:01]} c6 {[%emt 0:00:01]} 2. d4 {[%emt 0:00:02]} d5 {[%emt 0:00:00]} 3. c4 {[%emt 0:00:01]} Nf6 {[%emt 0:00:01]} 4. Qc2 {[%emt 0:00:01]} dxc4 {[%emt 0:00:00]} 5. Qxc4 {[%emt 0:00:02]} Qd5 {[%emt 0:00:01]} 6. Qxd5 {[%emt 0:00:02]} cxd5 {[%emt 0:00:01]} 7. Nc3 {[%emt 0:00:00]} Nc6 {[%emt 0:00:01]} 8. Bg5 {[%emt 0:00:02]} e6 {[%emt 0:00:01]} 9. Bxf6 {[%emt 0:00:03]} gxf6 {[%emt 0:00:01]} 10. e3 {[%emt 0:00:00]} Bb4 {[%emt 0:00:00]} 11. Bd3 {[%emt 0:00:02]} Bxc3+ {[%emt 0:00:00]} 12. bxc3 {[%emt 0:00:02]} O-O {[%emt 0:00:00]} 13. c4 {[%emt 0:00:01]} e5 {[%emt 0:00:00]} 14. cxd5 {[%emt 0:00:01]} Nb4 {[%emt 0:00:01]} 15. Bb1 {[%emt 0:00:05]} exd4 {[%emt 0:00:01]} 16. Nxd4 {[%emt 0:00:03]} Nxd5 {[%emt 0:00:01]} 17. O-O {[%emt 0:00:03]} Re8 {[%emt 0:00:01]} 18. Bc2 {[%emt 0:00:02]} Nb4 {[%emt 0:00:02]} 19. Bb3 {[%emt 0:00:01]} Be6 {[%emt 0:00:01]} 20. Bxe6 {[%emt 0:00:03]} fxe6 {[%emt 0:00:01]} 21. Rab1 {[%emt 0:00:01]} Nc6 {[%emt 0:00:01]} 22. Rxb7 {[%emt 0:00:02]} Nxd4 {[%emt 0:00:01]} 23. exd4 {[%emt 0:00:02]} Rad8 {[%emt 0:00:00]} 24. Rc1 {[%emt 0:00:02]} Rxd4 {[%emt 0:00:02]} 25. g3 {[%emt 0:00:01]} Rg4 {[%emt 0:00:09]} 26. Rcc7 {[%emt 0:00:03]} h5 {[%emt 0:00:01]} 27. Rxa7 {[%emt 0:00:01]} e5 {[%emt 0:00:00]} 28. Rh7 {[%emt 0:00:01]} Rg5 {[%emt 0:00:02]} 29. Rh6 {[%emt 0:00:02]} Rf8 {[%emt 0:00:02]} 30. Rah7 {[%emt 0:00:02]} e4 {[%emt 0:00:03]} 31. Rh8+ {[%emt 0:00:01]} Kg7 {[%emt 0:00:01]} 32. R6h7+ {[%emt 0:00:02]} Kg6 {[%emt 0:00:01]} 33. Rh6+ {[%emt 0:00:01]} Kf7 {[%emt 0:00:01] Tiempo (Lag: Av=1.07s, max=3.2s)} 0-1

[Event "181st Stay Safe Play From Home series"]
[Site "T#646401Emanuel Laske"]
[Date "2020.05.28"]
[Round "7"]
[White "Praveen Prasad"]
[Black "Broken sword"]
[Result "0-1"]
[WhiteElo "2202"]
[BlackElo "2498"]
[PlyCount "64"]
[EventDate "2020.05.28"]
[EventType "swiss (blitz)"]

1. e4 {[%emt 0:00:01]} c5 {[%emt 0:00:00]} 2. d4 {[%emt 0:00:01]} e6 {[%emt 0:00:00]} 3. dxc5 {[%emt 0:00:01]} Bxc5 {[%emt 0:00:02]} 4. Nf3 {[%emt 0:00:00]} Qb6 {[%emt 0:00:00]} 5. Qe2 {[%emt 0:00:02]} Nc6 {[%emt 0:00:00]} 6. c3 {[%emt 0:00:01]} Nf6 {[%emt 0:00:00]} 7. Nbd2 {[%emt 0:00:00]} Ng4 {[%emt 0:00:00]} 8. Nc4 {[%emt 0:00:02]} Qc7 {[%emt 0:00:01]} 9. h3 {[%emt 0:00:01]} Nxf2 {[%emt 0:00:01]} 10. Rg1 {[%emt 0:00:02]} b5 {[%emt 0:00:01]} 11. Ne3 {[%emt 0:00:03]} Nxe4 {[%emt 0:00:02]} 12. Bd2 {[%emt 0:00:03]} Nxd2 {[%emt 0:00:01]} 13. Qxd2 {[%emt 0:00:00]} a6 {[%emt 0:00:00]} 14. O-O-O {[%emt 0:00:01]} Bb7 {[%emt 0:00:01]} 15. Re1 {[%emt 0:00:01]} Qb6 {[%emt 0:00:01]} 16. Nd5 {[%emt 0:00:01]} Qd8 {[%emt 0:00:06]} 17. Rh1 {[%emt 0:00:02]} O-O {[%emt 0:00:01]} 18. Nf4 {[%emt 0:00:02]} d5 {[%emt 0:00:01]} 19. Bd3 {[%emt 0:00:02]} Ne7 {[%emt 0:00:01]} 20. Nh5 {[%emt 0:00:02]} Ng6 {[%emt 0:00:01]} 21. Ne5 {[%emt 0:00:00]} Bd6 {[%emt 0:00:04]} 22. Nxg6 {[%emt 0:00:04]} hxg6 {[%emt 0:00:00]} 23. Nf4 {[%emt 0:00:03]} Bxf4 {[%emt 0:00:01]} 24. Qxf4 {[%emt 0:00:00]} Rc8 {[%emt 0:00:00]} 25. h4 {[%emt 0:00:01]} Qc7 {[%emt 0:00:00]} 26. Qg5 {[%emt 0:00:04]} d4 {[%emt 0:00:08]} 27. h5 {[%emt 0:00:01]} Qc5 {[%emt 0:00:00]} 28. Qg3 {[%emt 0:00:02]} g5 {[%emt 0:00:01]} 29. h6 {[%emt 0:00:02]} g6 {[%emt 0:00:01]} 30. Bxg6 {[%emt 0:00:03]} fxg6 {[%emt 0:00:03]} 31. Rxe6 {[%emt 0:00:00]} Qf5 {[%emt 0:00:02]} 32. Re7 {[%emt 0:00:08]} Bd5 {[%emt 0:00:02] Time (Lag: Av=0.74s, max=1.0s)} 0-1

[Event "181st Stay Safe Play From Home series"]
[Site "T#646401Emanuel Laske"]
[Date "2020.05.28"]
[Round "7"]
[White "Lazieri3"]
[Black "Lamborghini"]
[Result "0-1"]
[WhiteElo "2064"]
[BlackElo "2193"]
[Annotator "NA"]
[PlyCount "60"]
[EventDate "2020.05.28"]
[EventType "swiss (blitz)"]

1. e4 {[%emt 0:00:01] Lazieri3 offers a draw} c5 {[%emt 0:00:02]} 2. Nc3 {[%emt 0:00:01]} d6 {[%emt 0:00:00]} 3. d3 {[%emt 0:00:00]} Nc6 {[%emt 0:00:01]} 4. Nf3 {[%emt 0:00:00]} e5 {[%emt 0:00:01]} 5. Bg5 {[%emt 0:00:01]} Be7 {[%emt 0:00:01]} 6. Bxe7 {[%emt 0:00:01]} Ngxe7 {[%emt 0:00:00]} 7. Be2 {[%emt 0:00:02]} O-O {[%emt 0:00:01]} 8. O-O {[%emt 0:00:02]} f5 {[%emt 0:00:01]} 9. exf5 {[%emt 0:00:01]} Bxf5 {[%emt 0:00:01]} 10. Ne4 {[%emt 0:00:01]} b6 {[%emt 0:00:02]} 11. Ng3 {[%emt 0:00:02]} Be6 {[%emt 0:00:01]} 12. c3 {[%emt 0:00:04]} h6 {[%emt 0:00:02]} 13. d4 {[%emt 0:00:01]} cxd4 {[%emt 0:00:02]} 14. cxd4 {[%emt 0:00:00]} Kh8 {[%emt 0:00:09]} 15. dxe5 {[%emt 0:00:01]} dxe5 {[%emt 0:00:01]} 16. Ne4 {[%emt 0:00:02]} Nd5 {[%emt 0:00:01]} 17. Bc4 {[%emt 0:00:02]} Rc8 {[%emt 0:00:01]} 18. Rc1 {[%emt 0:00:05]} Na5 {[%emt 0:00:02]} 19. Nxe5 {[%emt 0:00:02]} Nxc4 {[%emt 0:00:01]} 20. Rxc4 {[%emt 0:00:01]} Rxc4 {[%emt 0:00:05]} 21. Nxc4 {[%emt 0:00:00]} Qh4 {[%emt 0:00:02]} 22. Ng3 {[%emt 0:00:05]} Nf4 {[%emt 0:00:01]} 23. Ne5 {[%emt 0:00:02]} Qf6 {[%emt 0:00:01]} 24. Nd7 {[%emt 0:00:03]} Bxd7 {[%emt 0:00:02]} 25. Qxd7 {[%emt 0:00:00]} Rd8 {[%emt 0:00:01]} 26. Qxa7 {[%emt 0:00:01]} Qc6 {[%emt 0:00:02]} 27. f3 {[%emt 0:00:04]} Qc2 {[%emt 0:00:02]} 28. Rf2 {[%emt 0:00:05]} Rd1+ {[%emt 0:00:02]} 29. Nf1 {[%emt 0:00:01]} Rxf1+ {[%emt 0:00:00]} 30. Kxf1 {[%emt 0:00:01]} Qd1# {[%emt 0:00:00] (Lag: Av=0.40s, max=0.7s)} 0-1